Género y globalización: mujeres
Kaydedildi:
| Materyal Türü: | Kitap |
|---|---|
| Dil: | İspanyolca |
| Baskı/Yayın Bilgisi: |
Santiago
Aún Creemos en los Sueños
2004
|
| Konular: | |
| Etiketler: |
Etiketle
Etiket eklenmemiş, İlk siz ekleyin!
|
MARC
| LEADER | 00000nam a2200000 a 4500 | ||
|---|---|---|---|
| 001 | UCL9795 | ||
| 003 | CL-VaPUC | ||
| 008 | 040827e20040000CL |||||||||||||||||spa|d | ||
| 020 | |a 9568134271 | ||
| 082 | 0 | 4 | |a 305.42 |b GEN |2 21 |
| 245 | 1 | 0 | |a Género y globalización: mujeres |
| 300 | |a 74 p | ||
| 942 | |c BK | ||
| 945 | |d 20040827 00:00:00 |a cmena | ||
| 260 | |a Santiago |b Aún Creemos en los Sueños |c 2004 | ||
| 650 | 0 | |a Mujeres |9 257649 | |
| 650 | 0 | |a Globalización |9 361930 | |
| 650 | 0 | |a Cambio social |9 256857 | |
| 650 | 0 | |a Participación social |9 256140 | |
| 650 | 0 | |a Feminismo |9 259085 | |
| 650 | 0 | |a Igualdad de oportunidades |9 331873 | |
| 583 | |a last modification |c 20040827 00:00:00 |k Rodrigo Vera | ||
| 999 | |c 310439 |d 310437 | ||
| 952 | |0 0 |1 0 |4 0 |6 305_420000000000000_GEN_2004 |7 0 |8 A |9 378885 |a BIBHIS |b BIBHIS |d 2019-11-21 |i 4043677 |l 1 |o 305.42 GEN 2004 |p 4043677 |r 2025-01-20 |s 2023-04-25 |w 2019-11-21 |y BK |k HIS | ||
| 952 | |0 0 |1 0 |4 0 |6 305_420000000000000_GEN_2004 |7 0 |8 A |9 378886 |a BIBCUR |b BIBCUR |d 2019-11-21 |i 4210832 |l 1 |m 1 |o 305.42 GEN 2004 |p 4210832 |r 2025-04-22 |s 2022-03-03 |w 2019-11-21 |y BK |k PER | ||
| 952 | |0 0 |1 0 |4 0 |6 305_420000000000000_GEN_2004 |7 0 |8 A |9 378887 |a BIBCUR |b BIBCUR |d 2019-11-21 |i 444048K |l 1 |m 2 |o 305.42 GEN 2004 |p 444048K |r 2025-04-22 |s 2022-04-21 |w 2019-11-21 |y BK |k PER | ||